| 000 | 00523cam a22001457a 4500 | ||
|---|---|---|---|
| 008 | 180718b1955 xxu||||| |||| 00| 0 eng d | ||
| 082 | _aR7x42 Sa29 | ||
| 100 | _aSaxena, S. K. | ||
| 245 |
_aNationalisation and industrial conflict: example of British coal-mining _cby S. K. Saxena |
||
| 260 |
_aHague _bMartinus Nijhoff _c1955 |
||
| 300 | _a185p. | ||
| 650 | _aIndustrial relations --Great Britain | ||
| 650 | _aCoal mines and mining --Great Britain | ||
| 650 | _aCoal mines and mining --Government ownership --Great Britain | ||
| 999 |
_c437829 _d437829 |
||